| 000 | 00663nam a22001457a 4500 | ||
|---|---|---|---|
| 008 | 140812b xxu||||| |||| 00| 0 eng d | ||
| 020 | _a0406091145 | ||
| 050 | _aKD276.3.L39(1885 vol.29) | ||
| 100 | _aedited by Hemming, G.W. | ||
| 245 |
_aThe Law Reports(1885 vol.29) Chancery division: Under the superintendence and control of the incorporated council of law reporting for England and wales cases determined in the chancery division and in lunacy and on appeal therefrom in the court of appeal. / _cG.W. Hemming. |
||
| 260 |
_aLondon: _bButterworth & Co Ltd, _c1885. |
||
| 300 |
_axiii,1017p.: _c24cm. |
||
| 440 |
_pChancery division. _vvol.29. |
||
| 942 |
_2lcc _cBK |
||
| 999 |
_c3309 _d10809 |
||